| 000 | 00857nam a2200241Ia 4500 | ||
|---|---|---|---|
| 003 | OSt | ||
| 005 | 20220918110811.0 | ||
| 006 | a|||||r|||| 00| 0 | ||
| 007 | ta | ||
| 008 | 220915b |||||||| |||| 00| 0 hin d | ||
| 024 | _a162624 | ||
| 037 | _cReference Collections | ||
| 040 |
_aARTS _cARTS _bhin |
||
| 041 |
_2hin _ahin |
||
| 082 | _aO152vN9, N8.1-.2(RR) | ||
| 100 | _aमिश्र, रामप्रसाद | ||
| 245 | 0 | _aहिन्दी साहित्य का वस्तुपरक इतिहास | |
| 246 | _aHindī sāhitya kā vastuparak itihāsa | ||
| 260 |
_aदिल्ली _bसाहित्य भण्डार _c1998 |
||
| 300 | _a860 पृ0 | ||
| 942 |
_hO152vN9, N8.1-.2(RR) _cREF |
||
| 999 |
_c114856 _d114856 |
||